00410 2200157 4500001002100000008004100021035002000062245004400082100001600126260003200142300002200174020002200196084001400218082000800232990001200240INLIS000000000002796 IND  a0010-0925000143 aCinta Pertama dan TerakhircAster Putih aAster Putih aJakartabRumah Oranyec2013 a224c(13 x 19 cm) a978-602-1588-17-8 a813 AST c a813 a0755018